Golfers Ranked Number 1 Since 2000 - Statistics

General Stats
  • This quiz has been taken 1,016 times
  • The average score is 9 of 15
Answer Stats
Weeks Golfer % Correct
594 Tiger Woods
100%
154 Scottie Scheffler
91%
122 Rory McIlroy
89%
135 Dustin Johnson
70%
26 Jordan Spieth
70%
52 Jon Rahm
64%
47 Brooks Koepka
60%
5 Justin Thomas
59%
13 Justin Rose
51%
32 Vijay Singh
47%
11 Adam Scott
46%
51 Jason Day
41%
56 Luke Donald
29%
22 Lee Westwood
21%
8 Martin Kaymer
17%
No matching quizzes found
Score Distribution
Percent of People with Each Score
Percentile by Number Answered
Your Score History
You have not taken this quiz